| 000 | 00515nam a2200193 a 4500 | ||
|---|---|---|---|
| 005 | 20210219153427.0 | ||
| 008 | 991125n 000 0 eng u | ||
| 035 | _aUPN01000098157 | ||
| 100 | _aDHALECH, Mohammed | ||
| 222 | _aMULTICULTURAL TEACHING | ||
| 245 | _aRural racial equality work in the south west of England | ||
| 300 | _a9-11 | ||
| 362 | _a2000, Vol. 18, no. 2 | ||
| 653 | 0 | _aCOMUNIDAD RURAL | |
| 653 | 0 | _aDISCRIMINACION RACIAL | |
| 653 | 0 | _aRAZAS | |
| 904 |
_aAC _b035968 |
||
| 905 | _aArticulo | ||
| 999 |
_c76485 _d76485 |
||